[Event "Match"]
[Site "www.echecsemail.com"]
[Date "2018.10.30"]
[Round "1"]
[White "Telexmweene"]
[Black "Lug47"]
[WhiteElo "1499"]
[BlackElo "1480"]
[Result "1-0"]
[Round "1"]
1.e4 e5
2.Ng1f3 Nb8c6
3.a3 Ng8f6
4.Nb1c3 Bf8c5
5.h3 O-O
6.Bf1e2 Rf8e8
7.d3 h6
8.O-O Nf6h5
9.Kh1  { time }
1-0

[Event "Tourn. n9850"]
[Site "www.echecsemail.com"]
[Date "2018.10.30"]
[Round "1"]
[White "Seger"]
[Black "Darko10"]
[WhiteElo "2840"]
[BlackElo "2870"]
[Result "1-0"]
[Round "1"]
1.d4 Ng8f6
2.e3 g6
3.Ng1f3 Bf8g7
4.c4 O-O
5.Bf1e2 c5
6.d5 e6
7.Nb1c3 d6
8.O-O exd5
9.cxd5 Bc8g4
10.h3 Bg4xf3
11.Be2xf3 Nb8d7
12.a4 Qd8e7
13.Qd1c2 Ra8c8
14.a5 a6
15.Bc1d2 Nf6e8
16.Bf3e2 Ne8c7
17.Be2c4 Rc8b8
18.Nc3a4 Nc7a8
19.Bc4e2 Rf8c8
20.Ra1a3 Na8c7
21.Be2c4 Qe7h4
22.Rf1d1 f5
23.Rd1c1 Nc7e8
24.Qc2d1 Ne8f6
25.Bc4d3 Nf6e4
26.Bd2e1 Qh4e7
27.Ra3a2 Bg7h6
28.b3 Rc8f8
29.Rc1b1 Rb8c8
30.Ra2c2 Nd7e5
31.Na4b6 Rc8c7
32.Rb1c1 Ne4g5
33.Nb6c4 Ng5f7
34.g3 Ne5xd3
35.Qd1xd3 Bh6g7
36.f4 h5
37.Kg2 Rf8e8
38.g4 hxg4
39.hxg4 Nf7h6
40.g5 Nh6g4
41.Rc2e2 Bg7h8
42.e4 Bh8d4
43.Be1g3 fxe4
44.Qd3c2 Kf8
45.Rc1h1 Qe7f7
46.f5 Qf7xd5
47.Bg3xd6 Kg8
48.Bd6xc7 Qd5xf5
49.Rh1f1 Qf5xg5
50.Bc7g3 Ng4f6
51.Rf1xf6 Qg5xf6
52.Re2xe4 Qf6c6
53.Nc4d6 Re8xe4
54.Nd6xe4 b5
55.axb6 Qc6xb6
56.Qc2c4 Kg7
57.Qc4d5 Qb6b5
58.Bg3e5 Kh6
59.Be5xd4 cxd4
60.Qd5xd4 Qb5e2
61.Kg3 Qe2e1
62.Kf3 Qe1f1
63.Ne4f2 Kh7
64.b4 Qf1b5
65.Nf2e4 Qb5f1
66.Ke3 Qf1g1
67.Kd3 Qg1f1
68.Kc3 Qf1h3
69.Kb2 Qh3f5
70.Ne4d6 Qf5f1
71.Kb3 Qf1e2
72.Nd6e4 Qe2f3
73.Ka4 Qf3f5
74.Ne4d6 Qf5h5
75.Qd4c5 Qh5e2
76.Ka5 Kh6
77.Kb6 Qe2f1
78.Qc5e5 Qf1f8
79.Kxa6 Qf8a8
80.Kb6 Qa8b8
81.Kc6 Qb8a8
82.Kc5 Qa8a7
83.Kc4 Qa7a2
84.Kb5 Qa2a7
85.Kc4 Qa7a2
86.Kb5 Qa2a7
87.Qe5c5 Qa7a8
88.Kb6 Qa8b8
89.Kc6 Qb8a8
90.Kc7 Qa8a2
91.b5 Qa2a5
92.Kd7 Qa5a4
93.Kc7 Qa4a5
94.Kb7 Qa5a4
95.b6 Qa4d7
96.Kb8 Qd7d8
97.Ka7 { resign }
1-0

[Event "Tourn. n9971"]
[Site "www.echecsemail.com"]
[Date "2018.10.30"]
[Round "1"]
[White "Dussek"]
[Black "Drill64"]
[WhiteElo "1870"]
[BlackElo "1999"]
[Result "0-1"]
[Round "1"]
1.d4 Ng8f6
2.Bc1g5 Nf6e4
3.Bg5f4 c5
4.Ng1f3 cxd4
5.Qd1xd4 d5
6.e3 Nb8c6
7.Qd4d1 Bc8f5
8.Bf1b5 Qd8a5
9.Nb1c3 Ne4xc3
10.bxc3 Qa5xb5
11.Ra1b1 Qb5a6
12.Rb1b2 e6
13.Nf3d4 Bf5g6
14.Qd1e2 Nc6xd4
15.Qe2xa6 Nd4xc2
16.Kd2 bxa6
17.Rb2xc2 Bg6xc2
18.Kxc2 Bf8e7
19.Rh1b1 O-O
20.g3 f6
21.Bf4c7 Ra8c8
22.Rb1b7 Be7c5
23.Kb3 Rf8f7
{ resign }
0-1

[Event "Match"]
[Site "www.echecsemail.com"]
[Date "2018.10.30"]
[Round "1"]
[White "Caspito"]
[Black "Apdash"]
[WhiteElo "1820"]
[BlackElo "2200"]
[Result "0-1"]
[Round "1"]
1.e4 e5
2.Ng1f3 Nb8c6
3.Bf1c4 Bf8c5
4.c3 Ng8f6
5.Nf3g5 O-O
6.O-O h6
7.d4 exd4
8.Ng5xf7 Rf8xf7
9.Bc4xf7 Kxf7
10.Qd1b3 d5
11.Nb1d2 dxc3
12.bxc3 Nc6a5
13.Qb3b5 b6
14.e5 Nf6e4
15.Nd2xe4 dxe4
16.Bc1e3 Bc8d7
17.Qb5e2 Bd7e6
18.Qe2h5 Kg8
19.Qh5g6 Qd8e8
20.Qg6g3 Kh7
21.Qg3f4 Qe8g6
22.Be3xc5 bxc5
23.Ra1b1 Be6c4
24.Rf1e1 Bc4d3
25.Rb1d1 Na5c6
26.f3 exf3
27.Qf4xf3 Bd3b5
28.e6 Ra8e8
29.c4 Bb5a4
30.Rd1d7 Nc6d4
31.Qf3f7 Ba4xd7
32.Qf7xd7 Nd4f3
{ resign }
0-1

[Event "Match"]
[Site "www.echecsemail.com"]
[Date "2018.10.30"]
[Round "1"]
[White "Stevep84"]
[Black "Ff333"]
[WhiteElo "2300"]
[BlackElo "2160"]
[Result "1-0"]
[Round "1"]
1.e4 e5
2.d4 Qd8f6
3.d5 Bf8c5
4.Ng1f3 h6
5.Bf1d3 Ng8e7
6.O-O c6
7.c4 a6
8.b3 d6
9.Bc1b2 Bc8g4
10.Bd3e2 Ne7g6
11.h3 Bg4d7
12.Nb1d2 Ng6f4
13.Kh1 Bd7xh3
14.gxh3 Nf4xh3
15.Qd1e1 Qf6g6
16.Nf3h4 Qg6g5
17.f4 Nh3xf4
18.Nd2f3 Qg5g4
19.Nf3g1 Nf4xe2
20.Qe1xe2 Qg4xh4
21.Qe2h2 Qh4xe4
22.Ng1f3 Nb8d7
23.Ra1e1 Qe4g6
24.Nf3h4 Qg6h7
25.Qh2h3 g5
26.Nh4f5 O-O-O
27.dxc6 bxc6
28.Qh3g2 Kc7
29.Bb2c3 Nd7f6
30.b4 Nf6h5
31.bxc5 Nh5f4
32.Bc3a5 Kd7
33.Qg2d2 d5
34.Re1xe5 Rd8e8
35.Re5xd5 cxd5
36.Rf1xf4 Re8e5
37.c6 Kxc6
38.cxd5 Kd7
39.Qd2c2 Qh7g6
40.Qc2c7 Ke8
41.Qc7d8 
1-0

[Event "Tourn. n9956"]
[Site "www.echecsemail.com"]
[Date "2018.10.30"]
[Round "1"]
[White "Malbertan"]
[Black "Bojan"]
[WhiteElo "1970"]
[BlackElo "1930"]
[Result "1/2-1/2"]
[Round "1"]
1.e4 e5
2.f4 exf4
3.Ng1f3 f6
4.d4 g5
5.Bf1c4 h5
6.O-O d6
7.Nb1c3 a6
8.e5 dxe5
9.dxe5 Qd8xd1
10.Rf1xd1 Bf8e7
11.Nc3d5 g4
12.Nd5xc7 Kf8
13.exf6 Be7c5
14.Nf3d4 Ra8a7
15.Bc1xf4 Ng8xf6
16.Kf1 Bc5xd4
17.Rd1xd4 Nb8c6
18.Bf4d6 Kg7
19.Rd4f4 Rh8d8
20.Bd6c5 b5
21.Bc5xa7 Nc6xa7
22.Nc7e6 Bc8xe6
23.Bc4xe6 Na7c6
24.Ra1e1 Rd8d2
25.Be6b3 Nc6d4
26.Re1e7 Kg6
27.Bb3f7 Kg5
28.g3 Nd4f3
29.Rf4xf3 gxf3
30.Re7e3 Rd2d1
31.Re3e1 Rd1d2
32.Re1e5 Kh6
33.Re5f5 Rd2d1
34.Kf2 Kg7
35.Bf7xh5 Rd1d2
36.Kxf3 Rd2xh2
37.g4 Rh2xc2
38.Rf5g5 Kf8
39.Rg5f5 Ke7
40.Bh5g6 Rc2xb2
41.g5 Nf6e8
42.Rf5e5 Kf8
43.Bg6xe8 Rb2xa2
44.Be8c6 b4
45.Re5e8 Kg7
46.Re8e6 a5
47.Bc6d5 Ra2d2
48.Bd5e4 a4
49.Re6b6 b3
50.Rb6b4 Rd2a2
51.Be4d5 Ra2a1
52.Kf4 Ra1d1
53.Bd5xb3 axb3
{ draw }
1/2-1/2

[Event "Tourn. n9971"]
[Site "www.echecsemail.com"]
[Date "2018.10.30"]
[Round "1"]
[White "Fabos12"]
[Black "Bojan"]
[WhiteElo "1980"]
[BlackElo "1920"]
[Result "0-1"]
[Round "1"]
1.Ng1f3 b6
2.d4 Bc8b7
3.Nb1d2 h6
4.c3 e6
5.e4 c5
6.Bf1d3 Qd8c7
7.O-O d6
8.Rf1e1 Nb8d7
9.a4 a5
10.Ra1b1 Ng8e7
11.Kh1 { time. }
0-1

[Event "Match"]
[Site "www.echecsemail.com"]
[Date "2018.10.30"]
[Round "1"]
[White "Bjonil60"]
[Black "Drill64"]
[WhiteElo "1490"]
[BlackElo "1799"]
[Result "0-1"]
[Round "1"]
1.Ng1f3 Ng8f6
2.d3 c5
3.c3 Nb8c6
4.b3 g6
5.c4 Bf8g7
6.Nb1c3 Nf6e4
7.Nc3xe4 Bg7xa1
8.Bc1g5 Ba1g7
9.h3 h6
10.Bg5e3 d6
11.Nf3d2 a6
12.f3 O-O
13.a3 Qd8a5
14.Kf2 Qa5xa3
15.Ne4c3 Bg7xc3
16.Nd2b1 Qa3a1
17.g3 Bc3d4
18.Be3xd4 Qa1xd4
19.e3 Qd4b2
20.Bf1e2 b5
21.Nb1d2 Bc8e6
22.f4 bxc4
23.dxc4 Nc6b4
24.g4 a5
25.e4 Qb2d4
26.Kf3 Nb4d3
27.f5 Qd4f2

0-1

[Event "Tourn. n9924"]
[Site "www.echecsemail.com"]
[Date "2018.10.30"]
[Round "1"]
[White "Fantomas"]
[Black "Tarasch"]
[WhiteElo "2130"]
[BlackElo "2160"]
[Result "0-1"]
[Round "1"]
1.e4 c6
2.Ng1f3 d5
3.exd5 cxd5
4.d4 Bc8g4
5.Bf1e2 e6
6.O-O Bf8d6
7.a3 Ng8f6
8.Bc1g5 Nb8d7
9.h3 Bg4h5
10.Nf3e5 Bh5xe2
11.Qd1xe2 O-O
12.Nb1d2 Qd8c7
13.Ne5xd7 Nf6xd7
14.c3 Rf8b8
15.Bg5e3 b5
16.f4 a5
17.g3 b4
18.Qe2d3 bxa3
19.bxa3 Nd7b6
20.Rf1c1 Rb8c8
21.Kg2 Nb6c4
22.Nd2xc4 Qc7xc4
23.Qd3c2 Ra8a6
24.Kf2 Ra6c6
25.Qc2d1 a4
26.Be3d2 Bd6c7
27.Ra1b1 Bc7a5
28.Qd1e1 Qc4a6
29.Rb1b2 Rc6c4
30.Ke3 Qa6c6
31.Kd3 Ba5d8
32.Rc1b1 Bd8a5
33.Rb2c2 h6
34.Rb1a1 Rc8b8
35.Ra1a2 Rb8b3
36.Ra2a1 Qc6a6
37.Ke3 Qa6d6
38.Qe1c1 Ba5b6
39.Ke2 Qd6c7
40.Ra1a2 Bb6a7
41.Bd2e1 Ba7b8
42.Be1d2 Qc7e7
43.Rc2b2 Bb8d6
44.Rb2xb3 axb3
45.Ra2a1 Rc4a4
46.Qc1b2 Qe7b7
47.h4 Qb7a6
48.Ke3 Ra4xa3
49.Ra1xa3 Qa6xa3
50.Bd2c1 Qa3a4
51.h5 Kf8
52.g4 Qa4a2
53.Kf3 Qa2xb2
54.Bc1xb2 Ke8
55.g5 Kd7
56.gxh6 gxh6
57.Ke3 Ke7
{ resign }
0-1

[Event "1/128 Finale"]
[Site "www.chess-mail.com"]
[Date "2018.10.30"]
[Round "1"]
[White "Panham"]
[Black "Add"]
[WhiteElo "2170"]
[BlackElo "2230"]
[Result "1/2-1/2"]
[Round "1"]
1.e4 d5
2.exd5 Qd8xd5
3.Nb1c3 Qd5d8
4.d4 c6
5.Bf1c4 e6
6.Ng1f3 h6
7.Bc1f4 Ng8f6
8.O-O Nb8d7
9.Rf1e1 Bf8e7
10.Nf3e5 Nd7b6
11.Bc4d3 a6
12.Nc3e2 Nb6d5
13.Bf4g3 Nf6h5
14.c3 Nh5xg3
15.Ne2xg3 O-O
16.Qd1g4 Nd5f6
17.Qg4h3 Nf6d5
18.Ng3h5 Nd5f6
19.Re1e3 Nf6xh5
20.Qh3xh5 f5
21.Re3g3 Rf8f6
22.Rg3g6 Rf6xg6
23.Qh5xg6 Qd8f8
24.Ra1e1 Be7f6
25.Re1e3 Bf6xe5
26.Re3xe5 Bc8d7
27.Re5e3 Qf8f7
28.Qg6xf7 Kxf7
29.f4 g6
30.Kf2 b5
31.b4 a5
32.a3 axb4
33.axb4 Ra8a2
34.Re3e2 Ra2a3
35.Re2c2 g5
36.Kg3 Kf6
37.Kf3 g4
38.Kg3 h5
39.h3 Bd7e8
{ draw }
1/2-1/2

[Event "Fast Game"]
[Site "www.echecsemail.com"]
[Date "2018.10.30"]
[Round "1"]
[White "Stevep84"]
[Black "Zack1984"]
[WhiteElo "1990"]
[BlackElo "1960"]
[Result "0-1"]
[Round "1"]
1.e4 Ng8f6
2.e5 Nf6d5
3.d4 d6
4.Ng1f3 Nb8c6
5.c4 Nd5b6
6.Nb1c3 Bc8g4
7.Bc1f4 dxe5
8.dxe5 Qd8xd1
9.Ra1xd1 e6
10.c5 Bf8xc5
11.Nc3b5 Bc5b4
12.Bf4d2 Ra8d8
13.Nb5xc7 Ke7
14.Bf1e2 Bb4xd2
15.Rd1xd2 a6
16.h3 Rd8xd2
17.Nf3xd2 Bg4xe2
18.Kxe2 Rh8c8
19.Nc7xa6 bxa6
20.f4 Nc6d4
21.Kf2 Nb6d5
22.g3 Rc8c2
23.Rh1d1 Rc2xb2
24.Kg1 Rb2xd2
{ resign }
0-1

[Event "Match"]
[Site "www.echecsemail.com"]
[Date "2018.10.31"]
[Round "1"]
[White "Apdash"]
[Black "Witpar"]
[WhiteElo "2080"]
[BlackElo "2710"]
[Result "0-1"]
[Round "1"]
1.e4 c5
2.Ng1f3 e6
3.d4 cxd4
4.Nf3xd4 a6
5.Nb1c3 Qd8c7
6.Bf1e2 b5
7.O-O Bc8b7
8.Bc1e3 Ng8f6
9.f3 b4
10.Nc3a4 d5
11.exd5 Nf6xd5
12.Be3f2 Nb8c6
13.b3 Bf8d6
14.h3 Bd6e5
15.Ra1c1 O-O
16.Na4c5 Nd5c3
17.Nd4xe6 fxe6
18.Nc5xe6 Qc7c8
19.Qd1d2 Nc3xe2
20.Qd2xe2 Qc8xe6
21.Rf1e1 Qe6f7
22.Bf2c5 Rf8e8
23.Qe2f2 Qf7f4
24.g3 Qf4xg3
25.Qf2xg3 Be5xg3
26.Re1xe8 Ra8xe8
27.a3 bxa3
28.Bc5xa3 Re8e2
29.Ba3c5 Nc6e5
30.Kf1 Bb7xf3
31.c4 Re2d2
32.Bc5e3 Bf3g2
33.Kg1 Ne5f3
{ resign }
0-1

[Event "Tourn. n9924"]
[Site "www.echecsemail.com"]
[Date "2018.10.31"]
[Round "1"]
[White "Tarasch"]
[Black "Apdash"]
[WhiteElo "2160"]
[BlackElo "2170"]
[Result "1-0"]
[Round "1"]
1.d4 d5
2.c4 e6
3.Nb1c3 Ng8f6
4.Bc1g5 dxc4
5.e3 Bf8b4
6.Bf1xc4 O-O
7.Ng1f3 h6
8.Bg5h4 Nb8c6
9.Ra1c1 Bb4e7
10.O-O Nf6d5
11.Bh4xe7 Nc6xe7
12.Qd1c2 c6
13.Rf1d1 b5
14.Bc4b3 a5
15.Nc3xd5 exd5
16.a4 Bc8f5
17.Qc2c5 bxa4
18.Bb3xa4 Ra8b8
19.b3 f6
20.h3 Bf5d7
21.Rc1c3 Rf8e8
22.Rd1c1 Qd8b6
23.Qc5d6 Rb8d8
24.Qd6a3 Qb6b4
25.Qa3xb4 axb4
26.Rc3c5 Kf7
27.Nf3e1 g5
28.Ne1d3 Rd8b8
29.Rc5a5 Re8c8
30.Nd3c5 Bd7e8
31.Ra5a7 f5
32.g3 Kf6
33.Kf1 h5
34.h4 gxh4
35.gxh4 Ne7g6
36.Nc5d7 Be8xd7
37.Ra7xd7 Ng6xh4
38.Rd7d6 Kg5
39.Rc1xc6 Rc8xc6
40.Rd6xc6 f4
41.Rc6d6 f3
42.Rd6xd5 Kh6
43.Rd5b5 Rb8c8
44.Rb5c5 Rc8b8
45.e4 Rb8g8
46.d5 Rg8g2
47.d6 Rg2h2
48.Ke1 Nh4g2
49.Kd2 Ng2f4
50.Ke3 Nf4e6
51.d7 Kg7
52.Rc5e5 Ne6d8
53.Re5e8 Nd8f7
54.d8Q Nf7xd8
55.Re8xd8 Rh2g2
56.Kxf3 Rg2g6
57.Rd8d5 Kh6
58.Ba4e8 Rg6g8
59.Rd5xh5 { resign }
1-0

[Event "Tourn. n9880"]
[Site "www.echecsemail.com"]
[Date "2018.10.31"]
[Round "1"]
[White "Sachpat"]
[Black "Seger"]
[WhiteElo "2820"]
[BlackElo "2870"]
[Result "1/2-1/2"]
[Round "1"]
1.e4 c5
2.Ng1f3 d6
3.d4 cxd4
4.Nf3xd4 Ng8f6
5.Nb1c3 Nb8c6
6.Bc1g5 e6
7.Qd1d2 a6
8.O-O-O h6
9.Bg5h4 Nf6xe4
10.Qd2f4 Ne4g5
11.Qf4e3 Nc6xd4
12.Qe3xd4 e5
13.Qd4b4 d5
14.Qb4b3 d4
15.f4 Bf8e7
16.fxe5 O-O
17.Nc3d5 Be7c5
18.Nd5f4 b5
19.Bf1d3 Rf8e8
20.Rh1e1 Bc5e7
21.Kb1 Bc8e6
22.Nf4xe6 Ng5xe6
23.Bh4xe7 Qd8xe7
24.Bd3f5 Ra8d8
25.Bf5xe6 Qe7xe6
26.Qb3xe6 Re8xe6
27.Kc1 Kf8
28.Re1e4 Rd8e8
29.Re4xd4 Re6xe5
30.b3 f5
31.a4 Kf7
32.Rd4d7 Re8e7
33.axb5 axb5
34.Rd1d5 Kf6
35.Rd5xe5 Re7xe5
36.g3 Re5e1
37.Rd7d1 Re1xd1
38.Kxd1 Ke5
39.c3 g5
40.Ke2 Ke4
41.h4 f4
42.gxf4 gxh4
43.Kf2 Kxf4
44.Kg2 { draw }
1/2-1/2

[Event "Tourn. n9945"]
[Site "www.echecsemail.com"]
[Date "2018.10.31"]
[Round "1"]
[White "Julian"]
[Black "Yakke"]
[WhiteElo "1720"]
[BlackElo "1750"]
[Result "1-0"]
[Round "1"]
1.e4 e5
2.Ng1f3 d5
3.exd5 Qd8xd5
4.Nb1c3 Qd5a5
5.Bf1c4 Ng8h6
6.O-O Bf8b4
7.d4 exd4
8.Qd1xd4 Nb8c6
9.Rf1e1 Bc8e6
10.Qd4xg7 O-O-O
11.Bc4xe6 fxe6
12.Bc1xh6 Nc6e7
13.Bh6g5 Ne7f5
14.Qg7f6 Rd8e8
15.Re1xe6 Nf5g7
16.Re6xe8 Ng7xe8
17.Qf6d8 
1-0

[Event "Tourn. n9982"]
[Site "www.echecsemail.com"]
[Date "2018.10.31"]
[Round "1"]
[White "Apdash"]
[Black "Ejner"]
[WhiteElo "2320"]
[BlackElo "2460"]
[Result "0-1"]
[Round "1"]
1.e4 Nb8c6
2.d4 d5
3.e5 Bc8f5
4.Bf1b5 e6
5.Ng1f3 h6
6.Nb1d2 Ng8e7
7.c4 a6
8.cxd5 axb5
9.dxc6 Ne7xc6
10.Nd2b3 Nc6b4
11.O-O Bf5c2
12.Qd1d2 Bc2xb3
13.a3 Bb3d5
14.Qd2f4 Nb4d3
15.Qf4e3 Nd3xc1
16.Ra1xc1 Bf8e7
17.Nf3e1 O-O
18.f4 f5
19.Qe3c3 Bd5c4
20.Rf1f3 c5
21.dxc5 Be7xc5
22.Kh1 Qd8d4
23.Qc3c2 Qd4g1

0-1

[Event "Match"]
[Site "www.echecsemail.com"]
[Date "2018.10.31"]
[Round "1"]
[White "Apdash"]
[Black "Llord"]
[WhiteElo "2290"]
[BlackElo "1920"]
[Result "1-0"]
[Round "1"]
1.e4 e5
2.Ng1f3 Nb8c6
3.d4 exd4
4.Nf3xd4 Nc6xd4
5.Qd1xd4 b6
6.Bf1c4 Bf8c5
7.Qd4d5 Bc5xf2
8.Kxf2 Qd8f6
9.Ke2 c6
10.Qd5f5 Qf6xf5
11.exf5 d5
12.Bc4d3 Ng8f6
13.Bc1g5 Nf6e4
14.Bd3xe4 dxe4
15.g4 O-O
16.h3 c5
17.Ke3 Bc8b7
18.Nb1c3 Rf8e8
19.Ra1d1 f6
20.Bg5f4 a6
21.Rd1d7 Bb7c6
22.Rd7d6 Ra8c8
23.Rh1d1 b5
24.Nc3e2 a5
25.Bf4g3 a4
26.Ne2f4 c4
27.a3 Bc6a8
28.Nf4e6 Kf7
29.Rd6d7 Kg8
30.Rd7xg7 Kh8
31.Rd1d7 Ba8c6
32.Rg7xh7 { resign }
1-0

[Event "Tourn. n9961"]
[Site "www.echecsemail.com"]
[Date "2018.10.31"]
[Round "1"]
[White "Foxy100"]
[Black "Szustan"]
[WhiteElo "2330"]
[BlackElo "2560"]
[Result "1/2-1/2"]
[Round "1"]
1.e4 e5
2.Ng1f3 Nb8c6
3.Bf1b5 a6
4.Bb5xc6 dxc6
5.O-O f6
6.d4 Bc8g4
7.dxe5 Qd8xd1
8.Rf1xd1 fxe5
9.Bc1e3 Ng8f6
10.Nb1d2 Bf8d6
11.h3 Bg4xf3
12.gxf3 O-O-O
13.Nd2c4 Rd8d7
14.Rd1d3 Rh8e8
15.Kg2 Re8e6
16.Ra1d1 b5
17.Nc4d2 Nf6h5
18.Kh2 Rd7f7
19.Rd1g1 Bd6f8
20.Rg1g4 Re6d6
21.Rg4g1 Rd6xd3
{ draw }
1/2-1/2

[Event "Tourn. n9952"]
[Site "www.echecsemail.com"]
[Date "2018.10.31"]
[Round "1"]
[White "Cal"]
[Black "Picifarkinca"]
[WhiteElo "1680"]
[BlackElo "1510"]
[Result "0-1"]
[Round "1"]
1.Ng1f3 d5
2.d4 Ng8f6
3.h3 Nb8d7
4.e3 c5
5.Nb1c3 e6
6.Bf1b5 a6
7.Bb5xd7 Bc8xd7
8.a3 Ra8c8
9.dxc5 Bf8xc5
10.Bc1d2 O-O
11.O-O Rf8e8
12.Nc3e2 e5
13.c3 Bd7c6
14.b4 Bc5a7
15.Qd1c2 Bc6b5
16.Rf1e1 Bb5xe2
17.Re1xe2 d4
18.exd4 exd4
19.c4 Re8xe2
20.Qc2d3 Re2e8
21.c5 Ba7b8
22.Nf3g5 h6
23.Ng5f3 Qd8d5
24.Nf3xd4 Rc8d8
25.Bd2c3 Re8e4
26.f3 Re4xd4
27.Bc3xd4 Qd5xd4
28.Qd3xd4 Rd8xd4
29.Ra1b1 Bb8c7
30.Rb1e1 Kf8
31.Kf2 Rd4d2
32.Kf1 Bc7g3
33.Re1c1 Nf6d5
34.Rc1b1 Nd5e3
35.Kg1 Rd2xg2
36.Kh1 Rg2h2
37.Kg1 Rh2d2
38.Rb1b3 Rd2d1
{ resign }
0-1

[Event "Tourn. n9948"]
[Site "www.echecsemail.com"]
[Date "2018.10.31"]
[Round "1"]
[White "Alcon"]
[Black "Cal"]
[WhiteElo "1709"]
[BlackElo "1700"]
[Result "0-1"]
[Round "1"]
1.d4 d5
2.Ng1f3 h6
3.Bc1f4 a6
4.e3 Ng8f6
5.c4 Bc8g4
6.Nb1c3 c6
7.Bf1e2 e6
8.O-O Bf8b4
9.Qd1b3 a5
10.a3 Bb4xc3
11.Qb3xb7 Nb8d7
12.bxc3 O-O
13.h3 Bg4h5
14.g4 Bh5g6
15.c5 Nf6e4
16.Rf1c1 h5
17.g5 Bg6f5
18.h4 Ra8b8
19.Bf4xb8 Nd7xb8
20.Nf3e5 f6
 { time }
0-1

[Event "Tourn. n9951"]
[Site "www.echecsemail.com"]
[Date "2018.10.31"]
[Round "1"]
[White "Bojan"]
[Black "Odin"]
[WhiteElo "1930"]
[BlackElo "1940"]
[Result "1-0"]
[Round "1"]
1.e4 e5
2.Ng1f3 Ng8f6
3.Qd1e2 Qd8e7
4.d3 Nb8c6
5.a3 d5
6.exd5 Nf6xd5
7.Bc1d2 Bc8g4
8.Qe2e4 Nd5f6
9.Qe4e3 Qe7c5
10.Bd2c3 Bg4xf3
11.Qe3xf3 Nc6d4
12.Qf3d1 O-O-O
13.f3 Nd4b5
14.Bc3d2 Nb5d4
15.c3 Nd4c6
16.b4 Qc5d6
17.Bd2g5 h6
18.Bg5h4 e4
19.Bh4xf6 gxf6
20.fxe4 Nc6e5
21.d4 Ne5c6
22.Bf1c4 Nc6e5
23.Bc4b3 Qd6a6
24.Nb1d2 Ne5g6
25.Bb3xf7 Ng6f4
26.Qd1g4 Kb8
27.Qg4xf4 Bf8d6
28.Qf4f3 Rd8d7
29.Bf7c4 Qa6b6
30.Qf3f5 Rd7g7
31.g3 Rg7g5
32.Qf5f2 a6
33.O-O Bd6e7
34.Qf2e3 Rh8h7
35.Nd2f3 Rg5g6
36.Nf3h4 Rg6g5
37.Nh4f5 Be7d6
38.Rf1f3 h5
39.Bc4d3 h4
40.Nf5xd6 Qb6xd6
41.e5 fxe5
42.Qe3xg5 Rh7h8
43.Qg5xe5 Qd6d8
44.Ra1f1 h3
45.Rf3f7 Rh8e8
46.Qe5f5 b5
47.Rf7f8 Ka7
48.Qf5c5 Kb8
49.Rf8xe8 Qd8xe8
50.Rf1f8 Qe8xf8
51.Qc5xf8 Kb7
52.Bd3e4 { resign }
1-0

[Event "Tourn. n9959"]
[Site "www.echecsemail.com"]
[Date "2018.10.31"]
[Round "1"]
[White "Alcon"]
[Black "Drill64"]
[WhiteElo "1709"]
[BlackElo "1849"]
[Result "0-1"]
[Round "1"]
1.e4 c5
2.Ng1f3 Nb8c6
3.Bf1b5 Ng8f6
4.d3 g6
5.Bc1e3 d6
6.c3 Bf8g7
7.h3 Bc8d7
8.Nb1d2 O-O
9.Nd2f1 a6
10.Bb5a4 b5
11.Ba4c2 Qd8c7
12.Nf1g3 Ra8b8
13.O-O Rf8e8
14.Qd1d2 b4
15.Rf1b1 a5
16.Bc2b3 Nc6e5
17.Nf3xe5 dxe5
 { time }
0-1

[Event "1/16 Finale"]
[Site "www.chess-mail.com"]
[Date "2018.10.31"]
[Round "1"]
[White "Vgrynyuk"]
[Black "Piriot"]
[WhiteElo "2810"]
[BlackElo "2380"]
[Result "1-0"]
[Round "1"]
1.e4 e5
2.Ng1f3 Ng8f6
3.Nf3xe5 d6
4.Ne5f3 Nf6xe4
5.d4 d5
6.Bf1d3 Nb8c6
7.O-O Bf8e7
8.c4 Nc6b4
9.Bd3e2 O-O
10.Nb1c3 Bc8f5
11.a3 Ne4xc3
12.bxc3 Nb4c6
13.Rf1e1 Rf8e8
14.cxd5 Qd8xd5
15.Bc1f4 Ra8c8
16.h3 Bf5e4
17.Bf4e3 Nc6a5
18.c4 Na5xc4
19.Be2xc4 Qd5xc4
20.Nf3d2 Qc4d5
21.Nd2xe4 Qd5xe4
22.Be3g5 Qe4xe1
23.Qd1xe1 Be7xg5
24.Qe1a5 Bg5f6
25.Ra1d1 a6
26.Qa5d5 b6
27.Qd5c6 a5
28.Rd1d3 Re8e1
29.Kh2 Bf6e7
30.g3 Be7d6
31.Rd3e3 Re1a1
32.Kg2 g6
33.a4 Ra1b1
34.h4 Rb1b4
35.Qc6d5 Rb4xa4
36.h5 Rc8b8
37.Re3f3 Rb8f8
38.h6 Ra4b4
39.Rf3f6 b5
40.Rf6xd6 cxd6
41.Qd5b7 Rb4c4
42.Qb7e7 Rf8c8
43.d5 b4
44.Qe7xd6 { resign }
1-0

[Event "Match"]
[Site "www.echecsemail.com"]
[Date "2018.11.01"]
[Round "1"]
[White "Cal"]
[Black "Apdash"]
[WhiteElo "1770"]
[BlackElo "2290"]
[Result "0-1"]
[Round "1"]
1.c4 e5
2.e4 c6
3.Nb1c3 Ng8f6
4.h3 d5
5.cxd5 cxd5
6.Bf1b5 Bc8d7
7.Qd1a4 dxe4
8.Ng1e2 Nb8c6
9.Bb5xc6 Bd7xc6
10.Qa4b3 e3
11.dxe3 Bc6xg2
12.Rh1g1 Bg2xh3
13.Bc1d2 Qd8c7
14.O-O-O Bh3g4
15.Rg1e1 Bf8e7
16.a4 O-O
17.e4 Nf6xe4
18.Kc2 Ne4xf2
19.Kb1 Nf2xd1
20.Re1xd1 Bg4e6
21.Qb3c2 Ra8c8
22.Rd1h1 f5
23.Ne2g3 e4
24.Ng3h5 Be6c4
25.Nh5f4 Be7d6
26.Rh1h3 Bd6xf4
27.Bd2e1 Bc4f1
28.Qc2f2 Bf1xh3
29.Qf2h4 Bh3g4
30.Qh4f2 e3
31.Qf2c2 Bf4e5
32.Qc2b3 Qc7f7
33.Nc3d5 Kh8
34.Ka2 f4
35.Be1b4 Bg4e6
36.Ka3 Be6xd5
37.Qb3d3 Rc8c1
38.Bb4xf8 Rc1a1
39.Kb4 Qf7xf8
40.Kb5 a6
41.Kb6 Qf8b4
42.Ka7 Qb4c5
43.Ka8 b5
44.Qd3xd5 Qc5xd5
45.Ka7 Qd5d7
46.Kb6 Be5d4
47.Ka5 Ra1xa4
{ resign }
0-1

[Event "Tourn. n9966"]
[Site "www.echecsemail.com"]
[Date "2018.11.01"]
[Round "1"]
[White "Szustan"]
[Black "Luciano59"]
[WhiteElo "2560"]
[BlackElo "2400"]
[Result "1/2-1/2"]
[Round "1"]
1.e4 e5
2.Ng1f3 Nb8c6
3.Nb1c3 Ng8f6
4.d4 exd4
5.Nc3d5 Bf8e7
6.Bf1c4 d6
7.Nf3xd4 Nf6xd5
8.Bc4xd5 Nc6xd4
9.Qd1xd4 Be7f6
10.Qd4d3 O-O
11.O-O Qd8e7
12.c3 c6
13.Bd5b3 Bc8e6
14.Bb3c2 g6
15.f4 b5
16.Rf1f3 a5
{ draw }
1/2-1/2

[Event "Tourn. n9922"]
[Site "www.echecsemail.com"]
[Date "2018.11.01"]
[Round "1"]
[White "Cathar"]
[Black "Pdebonis"]
[WhiteElo "2370"]
[BlackElo "2700"]
[Result "0-1"]
[Round "1"]
1.e4 e5
2.Ng1f3 Nb8c6
3.Bf1b5 a6
4.Bb5xc6 dxc6
5.O-O Bc8g4
6.h3 Bg4h5
7.g4 Bh5g6
8.Nf3xe5 Qd8h4
9.Qd1f3 f6
10.Ne5xg6 hxg6
11.Kg2 g5
12.d3 Ng8e7
13.Rf1h1 Qh4h7
14.Kf1 O-O-O
15.Nb1d2 Kb8
16.Nd2c4 Qh7g8
17.Nc4e3 Ne7g6
18.Ne3f5 Ng6e5
19.Qf3e2 g6
20.Nf5g3 c5
21.f4 Ne5c6
22.fxg5 Bf8d6
23.Kg2 Nc6d4
24.Qe2d1 Qg8e6
25.c3 Qe6e5
{ resign }
0-1

[Event "Tourn. n9981"]
[Site "www.echecsemail.com"]
[Date "2018.11.01"]
[Round "1"]
[White "Bevittsmith"]
[Black "Amaya"]
[WhiteElo "2220"]
[BlackElo "2100"]
[Result "0-1"]
[Round "1"]
1.e4 e6
2.d4 d5
3.e5 c5
4.c3 Nb8c6
5.Ng1f3 cxd4
6.cxd4 Bf8b4
7.Bc1d2 Ng8e7
8.Bd2xb4 Nc6xb4
9.Nb1c3 O-O
10.a3 Nb4c6
11.g4 Ne7g6
12.Qd1d2 a6
13.Bf1d3 Ng6h4
14.Nf3xh4 Qd8xh4
15.O-O-O Nc6xd4
16.Bd3xh7 Qh4xh7
17.Qd2xd4 Bc8d7
18.Rd1d3 Rf8c8
19.Kb1 Rc8c4
20.Qd4e3 d4
{ resign }
0-1

[Event "Match"]
[Site "www.echecsemail.com"]
[Date "2018.11.01"]
[Round "1"]
[White "Numanoid"]
[Black "Alekpax"]
[WhiteElo "2510"]
[BlackElo "2390"]
[Result "1-0"]
[Round "1"]
1.e4 e5
2.Ng1f3 Nb8c6
3.d4 exd4
4.Nf3xd4 Bf8c5
5.Nd4xc6 Qd8f6
6.Qd1f3 dxc6
7.Nb1c3 Qf6xf3
8.gxf3 Ng8f6
9.Bc1e3 Bc5xe3
10.fxe3 Ke7
11.Bf1d3 Rh8d8
12.Rh1g1 g6
13.O-O-O a5
14.f4 h5
15.Rd1d2 Nf6g4
16.Rg1e1 Ng4f6
17.e5 Nf6d5
18.Nc3a4 Bc8g4
19.a3 Nd5b6
20.Na4c5 Nb6d7
21.Nc5e4 Ra8b8
22.Bd3f1 Bg4e6
23.Ne4g5 Nd7c5
24.e4 Rd8d7
25.Rd2f2 Rb8g8
26.b3 Rd7d4
27.Kb2 h4
28.Kc3 Rd4d8
29.Bf1e2 Nc5d7
30.Re1f1 Nd7c5
31.Rf1g1 b6
32.a4  { time }
1-0

[Event "Match"]
[Site "www.echecsemail.com"]
[Date "2018.11.01"]
[Round "1"]
[White "Calponas"]
[Black "Ermejo69"]
[WhiteElo "2080"]
[BlackElo "2200"]
[Result "0-1"]
[Round "1"]
1.e4 c5
2.d4 cxd4
3.c3 dxc3
4.Nb1xc3 Nb8c6
5.Bf1c4 e6
6.Ng1f3 Bf8e7
7.Bc1f4 d6
8.O-O Ng8f6
9.Qd1e2 e5
10.Bf4g3 Bc8g4
11.h3 Nc6d4
12.Qe2d3 Nd4xf3
13.gxf3 Bg4xh3
14.Rf1d1 O-O
15.Kh2 Bh3d7
16.Rd1d2 Ra8c8
17.Ra1d1 Nf6h5
18.Bc4b3 Be7g5
19.Qd3xd6 Bg5xd2
20.Qd6xd2 Nh5xg3
21.fxg3 Bd7c6
22.Qd2e3 Qd8f6
23.Kg2 a6
24.Bb3d5 Rf8d8
25.Kf2 h5
26.a4 h4
27.Rd1g1 hxg3
28.Rg1xg3 Bc6xd5
29.exd5 Rc8c4
30.Kg2 Rc4b4
31.Qe3d2 Qf6f4
32.Qd2c2 Rb4d4
33.Nc3e4 Rd4xd5
34.Rg3g4 Rd5d2
{ resign }
0-1

[Event "Tourn. n9971"]
[Site "www.echecsemail.com"]
[Date "2018.11.01"]
[Round "1"]
[White "Bojan"]
[Black "Drill64"]
[WhiteElo "1910"]
[BlackElo "1999"]
[Result "0-1"]
[Round "1"]
1.e4 c5
2.Ng1f3 Nb8c6
3.d4 cxd4
4.Nf3xd4 g6
5.Nd4xc6 bxc6
6.c3 Bf8g7
7.Bf1c4 d6
8.Bc1f4 Ng8f6
9.f3 O-O
10.Qd1e2 Ra8b8
11.Nb1d2 Rb8xb2
12.Qe2e3 d5
13.Bc4b3 dxe4
14.Ra1d1 Nf6d5
15.Qe3xe4 Nd5xf4
16.Qe4xf4 Bg7xc3
17.Rh1f1 Bc8a6
18.Rf1f2 Rb2xd2
19.Rd1xd2 Qd8d3
20.a4 Qd3b1
21.Bb3d1 Rf8d8
22.Qf4e3 Qb1b4
23.f4 Rd8xd2
24.Rf2xd2 Bc3xd2
25.Qe3xd2 Qb4xd2
26.Kxd2 Kf8
27.Bd1f3 c5
28.Kc3 Ke8
29.g4 Kd7
30.h4 Kc7
31.g5 Ba6b7
32.Bf3e2 Kd6
33.a5 Bb7d5
34.Be2g4 e5
35.f5 e4
36.fxg6 fxg6
37.h5 Ke5
38.hxg6 hxg6
39.Bg4c8 Kf4
40.a6 e3
41.Kd3 Bd5c4
42.Kc2 Kg3
43.Bc8d7 Bc4xa6
44.Kd1 Kf2
45.Bd7g4 e2
{ resign }
0-1